Igualdad social y libertad política : antología esencial /

Gardado en:
Detalles Bibliográficos
Autor Principal: Tocqueville, Alexis de (autor)
Outros autores: Villaverde Rico, María José (prólogo) (prólogo)
Formato: Libro
Idioma:Lingua castelá
Publicado: Barcelona, España : Página Indómita, 2015, c2015
Temas:
Etiquetas: Engadir etiqueta
Sen Etiquetas, Sexa o primeiro en etiquetar este rexistro!

MARC

LEADER 00000nam^a2200000^a^4500
001 000399575
005 20250521000000.0
009 20260310121555.903
020 |a 978-84-943664-3-7 
037 |a Acervo ITESO - Biblioteca 
041 |a ESP 
082 |a 320. 01  |b TOC 
100 |a Tocqueville, Alexis de  |e (autor) 
245 1 0 |a Igualdad social y libertad política :  |b antología esencial /  |c A. de Tocqueville ; ed. de P. Gibert ; pról. de M.J. Villaverde Rico ; tr. por Joaquín Esteban Perruca. 
264 4 |a Barcelona, España :  |b Página Indómita,  |c 2015, c2015 
300 |a 317 p. 
336 |a texto  |b txt  |2 rdacontenido 
337 |a sin mediación  |b n  |2 rdamedio 
338 |a volumen  |b nc  |2 rdasoporte 
521 |a FIL 2017 EEnlace Departamento de Filosofía y Humanidades 
649 |a XX 
650 |a Igualdad y Desigualdad 
650 |a Libertad 
650 |a Democracia 
650 |a Filosofía Política -  |x Tema Principal 
650 |a Política -  |z EUA -  |x Historia -  |y Siglo XIX 
650 |a Política -  |z Francia -  |x Historia -  |y Revolución Liberal Burguesa, 1774-1848 
650 |a Política -  |z Francia -  |x Historia -  |y Siglo XIX 
650 |z Francia -  |x Historia -  |y Revolución Liberal Burguesa, 1774-1848 
650 |a Francia -  |x Historia -  |y Siglo XIX 
650 |a EUA -  |x Historia -  |y Siglo XIX 
700 |a Villaverde Rico, María José  |e (prólogo) 
910 |a Fondo General 
920 |a Impresos - Libros 
930 |a Colección General 
905 |a 101 
901 |a 0500294580  |b IT1  |c ACC  |i c157603  |u 20250521 
902 |a https://opac.biblio.iteso.mx/vufind/Record/000399575